00662nam a2200193Ia 4500952014700000999001700147003000400164005001700168008004100185020001800226040000900244082001800253100002800271245004900299260005700348300000900405650001200414942004200426 00102ddc40708PHYSICSaMESbMEScPHYd2019-02-20g495.00l3m2o530.13 SIN/Tp35416r2022-09-13 00:00:00s2022-09-02w2019-02-20yBKzG11R4 c34422d34422OSt20200907100939.0190216s9999||||xx |||||||||||||| ||und|| a9788122427226 coclc a530.13bSIN/T aSingh, Raj Bahadur9262 0aThermal And Statistical Physics /cR B Singh bNew Age International Publishers,c2010.aNew Delhi: a364p aPhysics cBK2ddch530.13iSIN/Tk530.13mSIN/T